000 00459nam a2200181Ia 4500
008 230917s9999||||xx |||||||||||||| ||und||
020 _cRS950
040 _e242850
_aMAIN
041 _aEnglish
082 _a005.133 B279H(2)
100 _aBarry, Paul
245 0 _aHead first Python
250 _a2nd ed.
260 _aBeijing
_bO'Reilly
_c2017
300 _axxxviii, 584 p.
500 _a2907 03/11/2017 HBD17/7107 05/12/2017 Main Budget
942 _cBK
999 _c24382
_d24382